000 00728nam a2200193Ia 4500
001 IA_4811,23/05/2012,24/05/2012,5232272011 mx amnl8223223322spa16,"
002 en el Municipio de Zoquitlan
008 220117sMuni xx 000 0 und d
010 _a184357
090 _aTesis Z36 2011
100 _aZambrano García
_9156772
260 _aMéxico :
_bEl autor,
_cMuni
300 _aix
500 _aEl CD contiene reporte
502 _aTesis (Ing. Agr. Esp. en Ingeniería Agroindustrial) -- UACh
904 _aMuni
942 _c82 h.
999 _c184357
_d184357